AIA on building plans (Record no. 69077)
[ view plain ]
| 000 -LEADER | |
|---|---|
| fixed length control field | 01052cam a2200217 4500 |
| 001 - CONTROL NUMBER | |
| control field | WB3747-13 |
| 008 - FIXED-LENGTH DATA ELEMENTS--GENERAL INFORMATION | |
| fixed length control field | 011211n2001 000 0 eng u |
| 035 ## - SYSTEM CONTROL NUMBER | |
| System control number | (Sirsi) u115954 |
| 245 ## - TITLE STATEMENT | |
| Title | AIA on building plans |
| 260 ## - PUBLICATION, DISTRIBUTION, ETC. | |
| Date of publication, distribution, etc. | 2001 |
| 490 ## - SERIES STATEMENT | |
| Series statement | RICS Project Management Faculty News |
| Volume/sequential designation | 10 December 2001 |
| 520 ## - SUMMARY, ETC. | |
| Summary, etc. | The American Institute of Architects (AIA) has issued guidance to its members in the light of heightened concerns in the US following the events of 11 September 2001, and reports by a number of architects and engineers of suspicious requests to see building plans. (See: http://www.aia.org). The Royal Institute of British Architects (RIBA) has not published any formal guidance to date. However, its Practice Department is advising caution. It recommends suspicious enquiries are reported to the police. |
| 590 ## - LOCAL NOTE (RLIN) | |
| Local note | WB |
| 650 ## - SUBJECT ADDED ENTRY--TOPICAL TERM | |
| Topical term or geographic name entry element | AMERICAN INSTITUTE OF ARCHITECTS |
| 650 ## - SUBJECT ADDED ENTRY--TOPICAL TERM | |
| Topical term or geographic name entry element | USA |
| 650 ## - SUBJECT ADDED ENTRY--TOPICAL TERM | |
| Topical term or geographic name entry element | BUILDING SECURITY |
| 650 ## - SUBJECT ADDED ENTRY--TOPICAL TERM | |
| Topical term or geographic name entry element | RIBA |
| 650 ## - SUBJECT ADDED ENTRY--TOPICAL TERM | |
| Topical term or geographic name entry element | GUIDANCE |
| 690 ## - LOCAL SUBJECT ADDED ENTRY--TOPICAL TERM (OCLC, RLIN) | |
| Topical term or geographic name as entry element | MANAGEMENT-FACILITIES MANAGEMENT |
| 942 ## - ADDED ENTRY ELEMENTS (KOHA) | |
| Suppress in OPAC | 0 |
| Withdrawn status | Lost status | Source of classification or shelving scheme | Damaged status | Not for loan | Home library | Current library | Shelving location | Date acquired | Total Checkouts | Full call number | Barcode | Date last seen | Copy number | Price effective from | Koha item type |
|---|---|---|---|---|---|---|---|---|---|---|---|---|---|---|---|
| Dewey Decimal Classification | London | London | News article | 11/12/2001 | WB3747-13 | 115954-1001 | 06/08/2019 | 1 | 06/08/2019 | News article |